000 00440nam a2200157Ia 4500
008 210210b1970 xxu||||| |||| 00| 0 eng d
082 _a954.03 TARH
100 _aTARA CHAND.
245 _aHistory of the freedom movement in India. Vol 4. Ed 1.
250 _a
260 _aNew Delhi.
_bPublication Division Ministry of Information & Broadcasting
_c1970
300 _aix,593
440 _a4
690 _aIndian History
906 _a031860
999 _c83153
_d83153